Papers on language acquisition, language learning and language teaching /

Bibliographic Details
Main Author: Wode, Henning
Format: Book
Language:English
Published: Heidelberg : J. Groos Verlag, [1983]
Series:Studies in descriptive linguistics ; v. 11.
Subjects:

MARC

Tag First Indicator Second Indicator Subfields
LEADER 00000cam a22000005a 4500
001 in00000539921
005 20151013180117.0
008 840210s1983 gw 00010 eng d
020 |a 3872762605 
035 |a (OCoLC)10400941 
035 |9 ACH6600AM 
040 |a GSU  |c GSU  |d TXA  |d UtOrBLW 
049 |a TXAM  |c [445186] 
090 |a P118  |b .W58 1983 
100 1 |a Wode, Henning. 
245 1 0 |a Papers on language acquisition, language learning and language teaching /  |c edited by Henning Wode. 
264 1 |a Heidelberg :  |b J. Groos Verlag,  |c [1983] 
264 4 |c ©1983 
300 |a 223 pages ;  |c 24 cm. 
336 |a text  |b txt  |2 rdacontent 
337 |a unmediated  |b n  |2 rdamedia 
338 |a volume  |b nc  |2 rdacarrier 
490 1 |a Studies in descriptive linguistics,  |x 0171-6794 ;  |v v. 11 
500 |a Collection of papers, 12 by H. Wode and 2 by H. Wode and associates, originally published between 1974 and 1981 in various publications. 
504 |a Bibliography: pages 215-223. 
650 0 |a Language acquisition. 
650 0 |a Language and languages  |x Study and teaching. 
650 0 |a Languages, Modern  |x Study and teaching. 
830 0 |a Studies in descriptive linguistics ;  |v v. 11. 
999 |a MARS 
999 f f |s 0a39ab6e-444a-356f-b478-4eeeddbc4a37  |i 078fad0a-324f-3081-90e8-f551f23f19ed  |t 0 
952 f f |p ric  |a Texas A&M University  |b Rellis Campus  |c Joint Library Facility  |s JLF  |d Remote Storage  |t 0  |e P118 .W58 1983  |h Library of Congress classification  |i unmediated -- volume  |m A14808208201 
998 f f |a P118 .W58 1983  |t 0  |l Remote Storage